Vidámpark a romok felett - Dekonstrukció és világépítés a modern képregényben és képregény-adaptációkban

Elmentve itt :
Bibliográfiai részletek
Szerző: Kovács Rezsuk Dániel
További közreműködők: Tóth Zoltán János (Témavezető)
Dokumentumtípus: Szakdolgozat
Megjelent: 2020
Tárgyszavak:
Online Access:http://diploma.bibl.u-szeged.hu/109739
LEADER 00945nta a2200205 i 4500
001 dipl109739
005 20210318083559.0
008 210312s2020 hu om 0|| zxx d
040 |a SZTE Diploma Repozitórium  |b hun 
041 |a zxx 
100 2 |a Kovács Rezsuk Dániel 
245 1 0 |a Vidámpark a romok felett - Dekonstrukció és világépítés a modern képregényben és képregény-adaptációkban  |h [elektronikus dokumentum] /  |c Dániel Kovács Rezsuk 
246 1 0 |a Theme Park Over the Ruins - Deconstruction and World-building in Comic Books and Comic Book Adaptations  |h [elektronikus dokumentum] 
260 |c 2020 
650 4 |a Bölcsészettudományok 
650 4 |a Humanities 
650 4 |a Arts (arts, history of arts, performing arts, music) 
650 4 |a Studies on film, radio and television 
700 1 |a Tóth Zoltán János  |e ths 
856 4 0 |u http://diploma.bibl.u-szeged.hu/id/eprint/109739/1/2020_kovacs_rezsuk_daniel.pdf  |z Dokumentum-elérés